01794nam a2200217 a 4500008004100000020000800041041000800049092001700057100002400074245006200098250001100160260003800171300001100209500010500220505093800325590004601263655002101309942001301330999001501343952021801358011117t1979 ag |||g |||| 000 1 spa d aS/N aspa c808l46sKUR1 aKurteff, Aida93529 4aLos araucanos en el misterio de los Andes /cAida Kurteff a1a ed. aBuenos Aires:bPlus Ultra;c1979. a157 p. aKurteff, A. (1979). Los araucanos en el misterio de los Andes. (1a ed.). Buenos Aires : Plus Ultra.  aLos indígenas de América y sus culturas, náufragos de la antigüedad remota que sobreviven en el complejo de la civilización contemporánea, convalidan el interés por conocer quiénes son y qué fueron esos pueblos de enigmático origen que habitaban milenariamente nuestras tierras y que hoy se nos aparecen como incrustaciones preciosas, singulares, dentro del enorme mosaico racial y cultural de América. Con el presente volumen "Los araucanos en el misterio de los Andes", Aida Kurtelf -su autora- nos acerca al misterioso origen de estos antiguos pobladores que ocupaban gran parte del territorio chileno y de la Patagonia y en las pampas argentinas. Pero, sobre todo, es un intento por develarnos los caracteres esenciales -y originales- de la religión araucana. Escrito en lenguaje fluido y ameno, interesará tanto a los estudiosos como al lector deseoso por conocer vida y costumbres de los indígenas.  aDonación. Proyecto Literatura 4to libro aLiteratura92917 2ddccLIT c2699d2699 00102ddc4070aBFMbBFMcCRd2018-03-08eDonación Dr. Julio Arce, Marzo 2018.l2m1o808 46 KURp4195r2022-09-28s2022-09-14tEj. 1w2018-03-08yLITzProyecto 4to libro. Donación Dr. Julio Arce, Marzo 2018.